| 000 | 00345nam a2200145 a 4500 | ||
|---|---|---|---|
| 001 | 1906 | ||
| 003 | CDMR | ||
| 005 | 20130116135217.0 | ||
| 008 | 130130s1973||||||||||||||||||||||||||||d | ||
| 040 |
_aCDMR _bcat _cCDMR |
||
| 100 | 1 |
_aPomar, Jaime _91423 |
|
| 245 | 1 | 3 |
_aLa aventura de "Nova Palma" _cJaime Pomar |
| 260 |
_aBarcelona _c1973 |
||
| 942 | _cTSN | ||
| 999 |
_c1906 _d1906 |
||